| 000 | 00846nam a2200241 a 4500 | ||
|---|---|---|---|
| 001 | 000022525 | ||
| 005 | 20200930021645.0 | ||
| 008 | 101012s2002 sp 001 0 spa d | ||
| 020 | _a8449313139 | ||
| 041 | 1 | 7 |
_aspa _hfre _2Código de idiomas MARC |
| 082 |
_a949.503 _bL129d |
||
| 100 | 1 |
_aLacarrière, Jacques. _946373 |
|
| 240 | 1 | 0 |
_aDictionnaire amoureux de la Grèce. _lEspañol |
| 245 | 1 | 0 |
_aDiccionario del amante de Grecia / _cJacques Lacarrière ; traducción Godofredo González. |
| 260 |
_aBarcelona : _bPaidós, _c2002. |
||
| 500 | _aIncluye índice de personas y personajes e índice de obras y diversos. | ||
| 534 |
_aTítulo original : _tDictionnaire amoureux de la Grèce |
||
| 650 | 4 |
_aGrecia _946374 |
|
| 650 | 4 |
_aDiccionario _946375 |
|
| 700 | 1 |
_aGonzález, Godofredo, _etr. _946376 |
|
| 049 | _aBNGR | ||
| 999 |
_c22023 _d22023 |
||
| 040 | _aDO-SdBNP | ||